<?xml version="1.0" encoding="UTF-8"?>
<record
    xmlns:xsi="http://www.w3.org/2001/XMLSchema-instance"
    xsi:schemaLocation="http://www.loc.gov/MARC21/slim http://www.loc.gov/standards/marcxml/schema/MARC21slim.xsd"
    xmlns="http://www.loc.gov/MARC21/slim">

  <leader>00769nam a22002177a 4500</leader>
  <controlfield tag="003">OSt</controlfield>
  <controlfield tag="005">20260611151030.0</controlfield>
  <controlfield tag="008">260611b        |||||||| |||| 00| 0 eng d</controlfield>
  <datafield tag="020" ind1=" " ind2=" ">
    <subfield code="a">1879639602</subfield>
  </datafield>
  <datafield tag="040" ind1=" " ind2=" ">
    <subfield code="c">Chuka University</subfield>
  </datafield>
  <datafield tag="050" ind1=" " ind2=" ">
    <subfield code="a">LB 2822.82 .D84 1998</subfield>
  </datafield>
  <datafield tag="100" ind1=" " ind2=" ">
    <subfield code="a">DuFour Richard</subfield>
    <subfield code="9">28615</subfield>
  </datafield>
  <datafield tag="245" ind1=" " ind2=" ">
    <subfield code="a">Professional Learning Communities at Work</subfield>
    <subfield code="b">Best practices for enhancing student achievement</subfield>
  </datafield>
  <datafield tag="300" ind1=" " ind2=" ">
    <subfield code="a">xi;319pp</subfield>
  </datafield>
  <datafield tag="650" ind1=" " ind2=" ">
    <subfield code="a">School improvement programs-- united states</subfield>
    <subfield code="9">28059</subfield>
  </datafield>
  <datafield tag="650" ind1=" " ind2=" ">
    <subfield code="a">Groupwork in education--united states</subfield>
    <subfield code="9">28616</subfield>
  </datafield>
  <datafield tag="650" ind1=" " ind2=" ">
    <subfield code="a">Team learning approach in education-- united states</subfield>
    <subfield code="9">28617</subfield>
  </datafield>
  <datafield tag="650" ind1=" " ind2=" ">
    <subfield code="a">Educational change--united states</subfield>
    <subfield code="9">28252</subfield>
  </datafield>
  <datafield tag="650" ind1=" " ind2=" ">
    <subfield code="a">Educational leadership--united states</subfield>
    <subfield code="9">27697</subfield>
  </datafield>
  <datafield tag="942" ind1=" " ind2=" ">
    <subfield code="2">lcc</subfield>
    <subfield code="c">BK</subfield>
    <subfield code="n">0</subfield>
  </datafield>
  <datafield tag="952" ind1=" " ind2=" ">
    <subfield code="0">0</subfield>
    <subfield code="1">0</subfield>
    <subfield code="2">lcc</subfield>
    <subfield code="4">0</subfield>
    <subfield code="7">0</subfield>
    <subfield code="8">LGL</subfield>
    <subfield code="a">CHK</subfield>
    <subfield code="b">CHK</subfield>
    <subfield code="c">GEN</subfield>
    <subfield code="d">2026-06-11</subfield>
    <subfield code="e">Donations from books for Africa</subfield>
    <subfield code="g">1384.79</subfield>
    <subfield code="l">0</subfield>
    <subfield code="o">LB 2822.82 .D84 1998</subfield>
    <subfield code="p">34111/2026</subfield>
    <subfield code="r">2026-06-11 15:13:36</subfield>
    <subfield code="t">1</subfield>
    <subfield code="w">2026-06-11</subfield>
    <subfield code="y">BK</subfield>
  </datafield>
  <datafield tag="952" ind1=" " ind2=" ">
    <subfield code="0">0</subfield>
    <subfield code="1">0</subfield>
    <subfield code="2">lcc</subfield>
    <subfield code="4">0</subfield>
    <subfield code="7">0</subfield>
    <subfield code="8">LGL</subfield>
    <subfield code="a">CHK</subfield>
    <subfield code="b">CHK</subfield>
    <subfield code="c">GEN</subfield>
    <subfield code="d">2026-06-11</subfield>
    <subfield code="e">Donations from books for Africa</subfield>
    <subfield code="g">1384.79</subfield>
    <subfield code="l">0</subfield>
    <subfield code="o">LB 2822.82 .D84 1998</subfield>
    <subfield code="p">34130/2026</subfield>
    <subfield code="r">2026-06-11 15:15:02</subfield>
    <subfield code="t">4</subfield>
    <subfield code="w">2026-06-11</subfield>
    <subfield code="y">BK</subfield>
  </datafield>
  <datafield tag="952" ind1=" " ind2=" ">
    <subfield code="0">0</subfield>
    <subfield code="1">0</subfield>
    <subfield code="2">lcc</subfield>
    <subfield code="4">0</subfield>
    <subfield code="7">0</subfield>
    <subfield code="8">LGL</subfield>
    <subfield code="a">CHK</subfield>
    <subfield code="b">CHK</subfield>
    <subfield code="c">GEN</subfield>
    <subfield code="d">2026-06-11</subfield>
    <subfield code="e">Donations from books for Africa</subfield>
    <subfield code="g">1384.79</subfield>
    <subfield code="l">0</subfield>
    <subfield code="o">LB 2822.82 .D84 1998</subfield>
    <subfield code="p">34110/2026</subfield>
    <subfield code="r">2026-06-11 15:16:08</subfield>
    <subfield code="t">2</subfield>
    <subfield code="w">2026-06-11</subfield>
    <subfield code="y">BK</subfield>
  </datafield>
  <datafield tag="952" ind1=" " ind2=" ">
    <subfield code="0">0</subfield>
    <subfield code="1">0</subfield>
    <subfield code="2">lcc</subfield>
    <subfield code="4">0</subfield>
    <subfield code="7">0</subfield>
    <subfield code="8">LGL</subfield>
    <subfield code="a">CHK</subfield>
    <subfield code="b">CHK</subfield>
    <subfield code="c">GEN</subfield>
    <subfield code="d">2026-06-11</subfield>
    <subfield code="e">Donations from books for Africa</subfield>
    <subfield code="g">1384.79</subfield>
    <subfield code="l">0</subfield>
    <subfield code="o">LB 2822.82 .D84 1998</subfield>
    <subfield code="p">34109/2026</subfield>
    <subfield code="r">2026-06-11 15:18:06</subfield>
    <subfield code="t">3</subfield>
    <subfield code="w">2026-06-11</subfield>
    <subfield code="y">BK</subfield>
  </datafield>
  <datafield tag="999" ind1=" " ind2=" ">
    <subfield code="c">24006</subfield>
    <subfield code="d">24006</subfield>
  </datafield>
</record>
